اسرار قادة التميز / (Record no. 48263)
[ view plain ]
| 000 -الفاتح | |
|---|---|
| حقل البيانات ثابتة الطول | 00470nam a2200157Ia 4500 |
| 008 - عناصر البيانات ثابتة الطول - معلومات عامة | |
| حقل البيانات ثابتة الطول | 140319s9999 xx 000 0 ara d |
| 040 ## - مصدر الفهرسة | |
| وكالة الفهرسة الأصلية | GCL / |
| وكالة النسخ | GCL |
| 082 04 - رقم تصنيف ديوى العشرى | |
| رقم التصنيف | 650.1 |
| رقم المادة | ا ا |
| 100 1# - المدخل الرئيسى - إسم شخصى | |
| الإسم الشخصى | ابراهيم الفقى |
| 245 10 - بيان العنوان | |
| العنوان | اسرار قادة التميز / |
| بيان المسئوليه,etc | ابراهيم الفقى |
| 700 1# - المدخل الاضافى - اسم شخصى | |
| الإسم الشخصى | اميرة نبيل عرفة |
| 700 1# - المدخل الاضافى - اسم شخصى | |
| الإسم الشخصى | عبدالرحمن توفيق |
| 300 ## - الوصف المادى | |
| التعداد | 352 ص |
| 490 ## - بيان السلسلة | |
| عنوان السلسلة | سلسلة اصدارات بميك |
| رقم المجلد/ التعيين التسلسلي | 0 |
| حالة التراجع | حالة الفقد | حالة تلف | ليس للاعارة | المكان المؤقت | الموقع الحالى | تاريخ الاكتساب | اجمالي اﻻعارات | رقم الطلب | الباركود | تاريخ اخر مشاهدة | تاريخ تفعيل السعر | نوع وعاء كوها |
|---|---|---|---|---|---|---|---|---|---|---|---|---|
| مكتبة القاهرة الكبرى | مكتبة القاهرة الكبرى | 03/26/2014 | 650.1\ا ا | 116510 | 03/26/2014 | 03/26/2014 | كتاب | |||||
| مكتبة القاهرة الكبرى | مكتبة القاهرة الكبرى | 03/26/2014 | 650.1\ا ا | 116511 | 03/26/2014 | 03/26/2014 | كتاب | |||||
| مكتبة القاهرة الكبرى | مكتبة القاهرة الكبرى | 03/26/2014 | 650.1\ا ا | 116512 | 03/26/2014 | 03/26/2014 | كتاب |

